000 00400nam a2200157 4500
008 251216b |||||||| |||| 00| 0 eng d
020 _a9789390727506
082 _a005.74 SIL
100 _aSilberschatz, Abraham; Korth, Henry F.; Sudarshan S
245 _aDatabase system concepts
250 _a7th
260 _aChennai
_bMcGraw Hill
_c2021
300 _a1344
650 _aBsc-CA
942 _cR
999 _c64821
_d64821